| 000 | 01039 a2200193 4500 | ||
|---|---|---|---|
| 003 | Nust | ||
| 005 | 20221202151918.0 | ||
| 040 | _cNust | ||
| 082 | _a621.381528,KIV | ||
| 100 |
_aKiver, Milton S. _941682 |
||
| 245 |
_aTransistor circuit analysis / _cMaurice V.Joyce and Kenneth K clarke |
||
| 250 | _a3rd ed. | ||
| 260 |
_aLondon _bAddison wesely publishing co. _c1961. |
||
| 300 |
_avii,461p. _billus _c24 cm |
||
| 505 | _aIntroduction To Modern Electron Theory (Page-1), Semiconductor Diodes And Transistors (Page-17), Transistor Characteristics (Page-52), Transistor Amplifiers (Page-119), Transistor Oscillators (Page-168), Transistor Radio Receivers (Page-187), Transistors In Television Receivers (Page-223), Industrial Applications Of Transistor (Page-272), Additional Transistor Developments (Page-314), Servicing Transistor Circuits (Page-382), Experiments With Transistors (Page-413), Transistor-Amplifier Design (Page-442) | ||
| 600 |
_aMilton S Kiver _9104031 |
||
| 650 | _aTelecommunication Engineering | ||
| 942 |
_2ddc _cBK |
||
| 999 |
_c182344 _d182344 |
||